000 00440nam a2200109Ia 4500
008 170221s9999 xx 000 0 und d
100 _aVictoria Vyvyan
245 _aFactors that Influence Financial Capability and Effectiveness: Exploring Financial Counsellors’ Perspectives
245 _cVictoria Vyvyan, Levon Blue, and Mark Brimble
650 _xBusiness
856 _uhttp://ro.uow.edu.au/cgi/viewcontent.cgi?article=1501&context=aabfj
999 _c307627
_d307627